Statistics for Kentucky Players who have played in the NBA

Click here to take the quiz!

General Stats

  • This quiz has been taken 242 times
    (228 since last reset)
  • The average score is 7 of 37

Answer Stats

HintAnswer% Correct
2012 CAnthony Davis
83%
2011 PGJohn Wall
71%
2011 CDemarcus cousins
64%
2011 GEric Bledsoe
38%
1997 PGRajon Rondo
36%
2012 FTerrence Jones
33%
2012 GBrandon Knight
27%
1994 FJamal Mashburn
26%
1998 FAntonie Walker
25%
1997 GTony Delk
25%
2012 FMichael Kidd-Gilchrist
24%
2012 GDoron Lamb
21%
2012 PGMarquis Teague
18%
2003 FTayshaun Prince
18%
2012 CDaniel Orton
17%
1998 GDerek Anderson
16%
2010 GJodie Meeks
16%
1985 CSam Bowie
16%
1970 C/FDan Issel
14%
2012 FDarius Miller
14%
1968 GPat Riley
13%
1998 FRon Mercer
12%
2012 CJosh Harrellson
11%
1999 CNazr Mohammed
11%
2004 GKeith Bogans
10%
2011 FPatrick Paterson
10%
1997 FWalter Mccarty
10%
2001 CJamaal Magloire
8%
1980 PGKyle Macy
8%
2000 CScott Padgett
8%
2000 GWayne Turner
7%
2006 F/CChuck Hayes
6%
1998 FMark Pope
6%
2011Deandre Liggins
4%
1968 PGLouie Dampier
4%
2007 G/FKelenna Azubuike
3%
1957 SF/GCliff Hagan
2%

Score Distribution

Percentile by Number Answered

Percent of People with Each Score

Your Score History

You have not taken this quiz since the last reset